000 00654nam a22002057a 4500
003 OSt
005 20251120130221.0
008 251120b |||||||| |||| 00| 0 eng d
020 _a0-8120-9134-5
040 _aDWC-Main lib
_cOC
082 _aCirc. 612.21 Al346 1996
100 _aAlcamo, E.
245 _aAnatomy and physiology :
_bthe easy way
_cAlcamo, Edward I.
260 _aNew York :
_bBarron's Educational series, Inc.,
_cc1996
300 _avi, 522 pages :
_c 27 cm.
504 _aIncludes index
650 _2Anatomy
650 _2Physiology
942 _2ddc
_cBK-CIRC
_hCirc. 612.21 Al346 1996
_kCirc.
_n0
999 _c5870
_d5870